=LDR 00000nam 2200000 4500 =001 INLIS000000000004485 =005 20160819151737.0 =006 =007 =008 Ind =035 ##$$0010-061300000004485 =041 ##$$a Ind =082 ##$$a 821 =090 ##$$a 821, Bri m =245 ##$$a Mendorong Jack Kunti-kunti: Sepilihan sajak dari Australia / Editor, R.F. Brissenden, Sapardi joko Damono. -- Cet.1. -- =260 ##$$a 1991 $b Jakarta : Yayasan Obor Indonesia =300 ##$$a xxv, 218 hlm. ; 19 cm =650 ##$$a Sajak Australia =700 ##$$a BRISSENDEN, R.F =850 ##$$a NBPNMAT =990 ##$$a 0001/BPAP-NTB/20142014 =990 ##$$a 0001/BPAP-NTB/20142015